India public finance and policy report 2016 : (Record no. 138888)

MARC details
000 -LEADER
fixed length control field 00714nam a22002057a 4500
005 - DATE AND TIME OF LATEST TRANSACTION
control field 20170413153143.0
010 ## - LCCN (DPL NO)
LC control number ENG-117815
020 ## - INTERNATIONAL STANDARD BOOK NUMBER
International Standard Book Number 9780199472055
Terms of availability 750.00
035 ## - SYSTEM CONTROL NUMBER
System control number EN-101347
037 ## - SOURCE OF ACQUISITION
Source of stock number/acquisition DBAD/PUB
082 ## - DEWEY DECIMAL CLASSIFICATION NUMBER
Classification number 336.54
245 ## - TITLE STATEMENT
Title India public finance and policy report 2016 :
Statement of responsibility, etc edited by Jyotsna Jalan, Sugata Marjit [and] Sattwik Santra
Remainder of title fiscal issues and macro economy /
260 ## - PUBLICATION, DISTRIBUTION, ETC. (IMPRINT)
Date of publication, distribution, etc 2016
Place of publication, distribution, etc New Delhi
Name of publisher, distributor, etc Oxford University Press
270 ## - ADDRESS
Address YMCA Library Building, 1 Jai Singh Road
City New Delhi
Postal code 110001
300 ## - PHYSICAL DESCRIPTION
Dimensions 26cm(pbk) :
Extent xxxii,135p.
Other physical details ill.
700 ## - ADDED ENTRY--PERSONAL NAME
Personal name Jalan,Jyotsna
700 ## - ADDED ENTRY--PERSONAL NAME
Personal name Marjit,Sugata
700 ## - ADDED ENTRY--PERSONAL NAME
Personal name Santra,Sattwik
942 ## - ADDED ENTRY ELEMENTS (KOHA)
Item type English Books
Source of classification or shelving scheme Dewey Decimal Classification
Classification part 336.54
Call number suffix IND
Holdings
Withdrawn status Lost status Not for loan Collection code Home library Current library Date acquired Source of acquisition Cost, normal purchase price Full call number Barcode Copy number Cost, replacement price Koha item type
    Not For Loan Non-fiction D.B.Act.Division D.B.Act.Division 13/04/2017 DBAD/PUB 750.00 336.54 IND EN-101347 1 750.00 English Books

© Delhi Public Library
Hit Counter
free hit counter